000 00278nam a22001337a 4500
020 _a978-8121916431
041 _aENG
100 _aKhurmi R.S
245 _aA Textbook of Applied Mechanics
260 _aDelhi
_bS.Chand
_c1998
300 _a699
650 _aFS
856 _uFS
999 _c337
_d337